| 000 | 01169nam a22003377a 4500 | ||
|---|---|---|---|
| 003 | CHAP | ||
| 005 | 20220329133033.0 | ||
| 008 | 971013s1992 r 00010 d | ||
| 010 | _a1481 | ||
| 011 | _a2453 | ||
| 035 | _a1647 | ||
| 040 | _cCHAP | ||
| 082 |
_a628.53 _bM2 |
||
| 100 | 0 | 0 |
_aMcKenzie, Daniel H. _973641 |
| 245 |
_aEcological indicators _b: proceedings of an International Symposium |
||
| 260 |
_aLondon : _bElsevier Applied Science, _c1992 |
||
| 300 |
_a2 v. _b: ilus. ; gráfs. |
||
| 590 |
_aBATCH-UPD _b10 _c20130110 _lUCH01 _h0007 |
||
| 590 |
_aBATCH-UPD _b10 _c20130110 _lUCH01 _h1623 |
||
| 590 |
_aBATCH-UPD _b10 _c20130410 _lUCH01 _h1017 |
||
| 590 |
_aBATCH-UPD _b10 _c20130914 _lUCH01 _h1627 |
||
| 590 |
_aCONVERSION _b10 _c20130109 _lUCH01 _h1302 |
||
| 650 | 1 | 4 |
_aIndicadores biológicos. _957561 |
| 650 | 1 | 4 |
_aMedio ambiente _xContaminación. _974069 |
| 700 | 0 |
_aHyatt, D. Eric. _957062 |
|
| 700 | 0 |
_aMcDonald, V. Janet. _973487 |
|
| 901 | _aBK | ||
| 942 | _cLIBRO | ||
| 949 |
_a628.53 M2 _bBC _cLIBRO _d33724000025607 _eLIBRO _fv.1 _gI.175586 _h87962 _i1647 _si _t1530.39 |
||
| 949 |
_a628.53 M2 _bBC _cLIBRO _d33724000025615 _eLIBRO _fv.2 _h87963 _i1647 _si _t1530.39 |
||
| 999 |
_c1481 _d1481 |
||